00734 2200241 4500001002100000005001700021008004100038035002400079082001300103090002400116100002800140245009600168260002900264300003200293500004500325500002800370650002900398850002100427980001400448985000600462986000900468999001500477YOGYA-0209000004284620090227025915.0 ind  0010-020900000042846 a346.0166 a346.0166bHas MlSK aHASOLOAN N., B. Rikhard aMenekan tingginya angka perceraian di Kabupaten dati Ii Gunung KidulcB. Richard Hasoloan N aYogyakartab[s.n.]c1994 avi, 106 lembarbilusc29 cm aSkripsi Fak. Hukum Universitas janabadra aBibliografi : lembar 72 aPerceraian - Aspek hukum aYOPDYOG [TRM 29] a20-8-2007 a1 aRuni a07A0025578